[Event "Albena BUL, Team Ch 2011 GrB Men"]
[Site "Albena BUL"]
[Date "2011.06.05"]
[Round "5.4"]
[White "Kirchev, Krasimir"]
[Black "Asparuhov, Parvan"]
[Result "1-0"]
[WhiteElo "2037"]
[BlackElo "2077"]
[PlyCount "103"]
[EventDate "2011.06.02"]
[EventType "team"]
[EventRounds "9"]
[EventCountry "BUL"]

1. d4 d5 2. c4 c6 3. e3 Nf6 4. Nc3 a6 5. Qc2 g6 6. Bd3 Bg7 7. Nf3 O-O 8. O-O
Bg4 9. Ne5 Be6 10. b3 Nbd7 11. f4 Nxe5 12. fxe5 Nd7 13. Ne2 Nb6 14. c5 Nc8 15.
Nf4 Qd7 16. Bd2 f5 17. b4 Bf7 18. a4 e6 19. b5 axb5 20. axb5 Ne7 21. b6 g5 22.
Nh3 h6 23. Ra4 Rab8 24. Rfa1 Rfd8 25. Ra7 Qe8 26. R1a3 Bh5 27. Qa2 Qf8 28. Be1
Bg4 29. Nf2 Bh5 30. Be2 Bxe2 31. Qxe2 Qf7 32. Nd3 Qg6 33. Nb4 Qe8 34. Nd3 Qg6
35. Qa2 Qe8 36. Bg3 Kh7 37. Nc1 Ng6 38. Ne2 Ne7 39. Be1 Ng6 40. Ng3 Ne7 41. Qe2
Qg6 42. Nh5 Qf7 43. Nf6+ Kh8 44. Bg3 Ng8 45. Qc2 Ne7 46. h3 Ng8 47. Bh2 Ne7 48.
g4 Qf8 49. Qa2 fxg4 50. Qc2 Bxf6 51. exf6 Ng8 52. Qg6 1-0

[Event "Albena BUL, Team Ch 2011 GrB Men"]
[Site "Albena BUL"]
[Date "2011.06.05"]
[Round "5.4"]
[White "Danov, Radi"]
[Black "Gochev, Plamen"]
[Result "1/2-1/2"]
[WhiteElo "1812"]
[BlackElo "1995"]
[PlyCount "111"]
[EventDate "2011.06.02"]
[EventType "team"]
[EventRounds "9"]
[EventCountry "BUL"]

1. e4 c6 2. d4 d5 3. e5 Bf5 4. Nf3 e6 5. Be2 Nd7 6. O-O Ne7 7. Nbd2 Ng6 8. Nb3
Be7 9. Be3 Nb6 10. a4 Nc4 11. Bc1 Nf8 12. Nbd2 Nxd2 13. Bxd2 Nd7 14. a5 O-O 15.
Ne1 c5 16. c3 c4 17. g4 Bg6 18. f4 f5 19. Ng2 Bf7 20. gxf5 exf5 21. Bf3 Nb8 22.
Ne3 Be6 23. b3 Na6 24. bxc4 Nc7 25. cxd5 Nxd5 26. Nxd5 Bxd5 27. Bxd5+ Qxd5 28.
Qf3 Qd7 29. d5 Bc5+ 30. Kh1 b6 31. c4 Rac8 32. axb6 axb6 33. Rfc1 Bd4 34. Rab1
Ra8 35. Bb4 Rfc8 36. e6 Qb7 37. Qd3 Bf6 38. Bc3 Ra3 39. Qd2 Be7 40. Bb4 Bxb4
41. Qxb4 Qa8 42. Qd6 Ra2 43. e7 Re8 44. Qe6+ Kh8 45. Qf7 Re2 46. Re1 R8xe7 47.
Qxe7 Rxe7 48. Rxe7 h6 49. Rg1 g5 50. Rge1 Qa3 51. R7e3 Qc5 52. Re7 Qf2 53. Ra1
Qf3+ 54. Kg1 Qg4+ 55. Kf1 Qf3+ 56. Kg1 1/2-1/2

[Event "Albena BUL, Team Ch 2011 GrB Men"]
[Site "Albena BUL"]
[Date "2011.06.05"]
[Round "5.5"]
[White "Pantev, Veselin"]
[Black "Vasilev, Dimitar P"]
[Result "1-0"]
[WhiteElo "2381"]
[BlackElo "1826"]
[PlyCount "105"]
[EventDate "2011.06.02"]
[EventType "team"]
[EventRounds "9"]
[EventCountry "BUL"]

1. d4 d5 2. Nf3 Nf6 3. c4 e6 4. g3 c6 5. Qc2 Nbd7 6. Bg2 Be7 7. O-O O-O 8. Nbd2
Re8 9. b3 b6 10. Bb2 Bb7 11. e4 Nf8 12. Rac1 Rc8 13. Rfd1 Qc7 14. Ne5 Qb8 15.
Qd3 N6d7 16. Nef3 Ng6 17. Re1 Bb4 18. a3 dxe4 19. Rxe4 Be7 20. Ree1 Red8 21.
Qe2 c5 22. Red1 cxd4 23. Nxd4 Bxg2 24. Kxg2 Nf6 25. N2f3 Qb7 26. Kg1 h6 27. Nc2
Qc6 28. Nb4 Qc5 29. Nd3 Qh5 30. Bxf6 Bxf6 31. Qe4 Qa5 32. a4 Rc7 33. Nf4 Rxd1+
34. Rxd1 Nxf4 35. Qxf4 Rc8 36. Qe4 Qc3 37. Rd3 Qb4 38. Qb7 Rf8 39. Kg2 a5 40.
Qa6 Bb2 41. Qb5 Qxb5 42. axb5 Ba3 43. Rd7 f6 44. Nd4 e5 45. Ne6 Rf7 46. Rd8+
Kh7 47. Rb8 Rd7 48. Rxb6 Rd3 49. Ra6 Bb4 50. c5 Rxb3 51. c6 Bd2 52. c7 Rc3 53.
Rc6 1-0

[Event "Albena BUL, Team Ch 2011 GrB Men"]
[Site "Albena BUL"]
[Date "2011.06.05"]
[Round "5.5"]
[White "Mladenov, Emil"]
[Black "Vlashki, Nino"]
[Result "1/2-1/2"]
[WhiteElo "2157"]
[BlackElo "2243"]
[PlyCount "64"]
[EventDate "2011.06.02"]
[EventType "team"]
[EventRounds "9"]
[EventCountry "BUL"]

1. e4 Nc6 2. Nc3 e5 3. g3 Bc5 4. Bg2 h5 5. h3 h4 6. g4 Nge7 7. d3 d6 8. f4 exf4
9. Bxf4 Ng6 10. Nge2 Be6 11. Qd2 Nd4 12. Nxd4 Nxf4 13. Nxe6 Nxg2+ 14. Qxg2 fxe6
15. O-O-O Qg5+ 16. Kb1 O-O 17. Rhf1 Be3 18. a3 c6 19. Rxf8+ Rxf8 20. Rf1 Rf6
21. Rf3 Kf7 22. e5 Qxe5 23. Ne4 Rf4 24. Rxe3 d5 25. d4 Qxd4 26. Ng5+ Kg6 27.
Rd3 Qf6 28. Nf3 e5 29. g5 Qf5 30. Re3 e4 31. Nd4 Rf1+ 32. Ka2 Qf2 1/2-1/2

[Event "Albena BUL, Team Ch 2011 GrB Men"]
[Site "Albena BUL"]
[Date "2011.06.05"]
[Round "5.5"]
[White "Stanoev, Atanas"]
[Black "Petrov, Valeri"]
[Result "1-0"]
[WhiteElo "2226"]
[BlackElo "1996"]
[PlyCount "90"]
[EventDate "2011.06.02"]
[EventType "team"]
[EventRounds "9"]
[EventCountry "BUL"]

1. d4 d5 2. c4 Nf6 3. cxd5 Nxd5 4. e4 Nb6 5. h3 e6 6. Nf3 Be7 7. Nc3 O-O 8. Be2
h6 9. O-O a6 10. Bf4 Bd6 11. Be3 N6d7 12. e5 Be7 13. Bd3 Nb6 14. Bc2 h5 15. Be4
Nd5 16. Rc1 c6 17. Nd2 g6 18. Bb1 Bg5 19. Bxg5 Qxg5 20. Nde4 Qe7 21. Qf3 Nd7
22. a3 c5 23. Nxd5 exd5 24. Nxc5 Nb6 25. Ba2 Rd8 26. a4 a5 27. Rfd1 Qe8 28. Bb3
Qe7 29. Ba2 Qe8 30. Rd2 Qe7 31. Rdc2 Bf5 32. Re2 Rac8 33. Rce1 Nc4 34. e6 f6
35. g4 hxg4 36. hxg4 b6 37. Nd7 Be4 38. Nxf6+ Kg7 39. Nxe4 Rf8 40. Qd3 dxe4 41.
Qxe4 g5 42. Bxc4 Rxc4 43. Rc2 Rxc2 44. Qxc2 Rf4 45. Re4 Qd6 1-0

[Event "Albena BUL, Team Ch 2011 GrB Men"]
[Site "Albena BUL"]
[Date "2011.06.05"]
[Round "6.1"]
[White "Karakehajov, Kalin"]
[Black "Vasilev, Dimitar P"]
[Result "1-0"]
[WhiteElo "2493"]
[BlackElo "1826"]
[PlyCount "45"]
[EventDate "2011.06.02"]
[EventType "team"]
[EventRounds "9"]
[EventCountry "BUL"]

1. e4 e6 2. d3 d5 3. Nd2 c5 4. Ngf3 Nc6 5. g3 Nf6 6. Bg2 Be7 7. O-O O-O 8. Re1
Qc7 9. e5 Nd7 10. Qe2 b6 11. Nf1 Bb7 12. Bf4 Rfd8 13. h4 Nf8 14. h5 h6 15. c3
d4 16. c4 a6 17. N3h2 b5 18. b3 b4 19. Ng4 a5 20. Qd2 Nh7 21. Nfh2 Ng5 22. Nf6+
gxf6 23. exf6 1-0

[Event "Albena BUL, Team Ch 2011 GrB Men"]
[Site "Albena BUL"]
[Date "2011.06.05"]
[Round "6.2"]
[White "Kostov, Galin"]
[Black "Pantev, Veselin"]
[Result "0-1"]
[WhiteElo "2190"]
[BlackElo "2381"]
[PlyCount "90"]
[EventDate "2011.06.02"]
[EventType "team"]
[EventRounds "9"]
[EventCountry "BUL"]

1. d4 Nf6 2. c4 e6 3. Nc3 Bb4 4. e3 O-O 5. Bd3 d5 6. Nf3 c5 7. O-O Nc6 8. a3
Bxc3 9. bxc3 dxc4 10. Bxc4 Qc7 11. Qe2 e5 12. Nxe5 Nxe5 13. dxe5 Qxe5 14. f3
Be6 15. Bxe6 Qxe6 16. c4 Rfd8 17. Bb2 Nd7 18. a4 h6 19. Rac1 Nb8 20. Rfd1 Nc6
21. e4 b6 22. Rd5 Nb4 23. Rd2 Rd7 24. Bc3 Rad8 25. Bxb4 cxb4 26. Rxd7 Qxd7 27.
a5 bxa5 28. c5 Qc6 29. Qc4 Rb8 30. Qd5 Rc8 31. Qc4 a6 32. e5 Qe6 33. Qd4 Qc6
34. f4 b3 35. f5 a4 36. f6 g6 37. Qd2 Kh7 38. Rc3 Qe4 39. Re3 Qb1+ 40. Re1 Qc2
41. Qd7 Qxc5+ 42. Kh1 Qc7 43. Qxa4 Qc1 44. Qe4 Qxe1+ 45. Qxe1 b2 0-1

[Event "Albena BUL, Team Ch 2011 GrB Men"]
[Site "Albena BUL"]
[Date "2011.06.05"]
[Round "6.2"]
[White "Vutov, Mario"]
[Black "Kirjakov, Toma"]
[Result "1-0"]
[WhiteElo "2342"]
[BlackElo "2182"]
[PlyCount "75"]
[EventDate "2011.06.02"]
[EventType "team"]
[EventRounds "9"]
[EventCountry "BUL"]

1. e4 c5 2. Nf3 e6 3. d4 cxd4 4. Nxd4 a6 5. Bd3 Qc7 6. O-O Nf6 7. c4 d6 8. Nc3
Be7 9. b3 b5 10. Bb2 bxc4 11. Bxc4 Nc6 12. Rc1 Nxd4 13. Qxd4 O-O 14. Na4 Qb7
15. Rfe1 Rb8 16. e5 dxe5 17. Qxe5 Rd8 18. Bxa6 Qb4 19. Bxc8 Rbxc8 20. h3 Qd2
21. Rxc8 Rxc8 22. Qe2 Qg5 23. Nb6 Re8 24. Rd1 Qa5 25. Bxf6 Bxf6 26. Nc4 Qa7 27.
a4 Bd4 28. Nd6 Rd8 29. Nb5 Bxf2+ 30. Kf1 Rxd1+ 31. Qxd1 Qb6 32. Qd6 Qxd6 33.
Nxd6 Bc5 34. Nb7 Ba7 35. Na5 Kf8 36. Nc6 Be3 37. Ke2 Bg1 38. a5 1-0

[Event "Albena BUL, Team Ch 2011 GrB Men"]
[Site "Albena BUL"]
[Date "2011.06.05"]
[Round "6.2"]
[White "Todorov, Todor Spirov"]
[Black "Bonev, Todor"]
[Result "1/2-1/2"]
[WhiteElo "2175"]
[BlackElo "2317"]
[PlyCount "62"]
[EventDate "2011.06.02"]
[EventType "team"]
[EventRounds "9"]
[EventCountry "BUL"]

1. d4 Nf6 2. Nf3 g6 3. Bf4 Bg7 4. h3 O-O 5. e3 c5 6. c3 d5 7. Be2 b6 8. O-O Bb7
9. Nbd2 Nbd7 10. Qb1 h6 11. a4 Ne4 12. Nxe4 dxe4 13. Nd2 f5 14. a5 Kh8 15. Bc4
cxd4 16. cxd4 e5 17. dxe5 Nxe5 18. Rd1 Qe7 19. axb6 axb6 20. Rxa8 Bxa8 21. Bf1
Bd5 22. Bxe5 Bxe5 23. Nc4 Bxc4 24. Bxc4 Bb8 25. g3 Qc5 26. b3 Be5 27. Rd5 Qe7
28. Qd1 Bf6 29. Rd7 Rd8 30. Rxd8+ Qxd8 31. Qe1 Qd7 1/2-1/2

[Event "Albena BUL, Team Ch 2011 GrB Men"]
[Site "Albena BUL"]
[Date "2011.06.05"]
[Round "6.2"]
[White "Vlashki, Nino"]
[Black "Kirchev, Krasimir"]
[Result "1-0"]
[WhiteElo "2243"]
[BlackElo "2037"]
[PlyCount "71"]
[EventDate "2011.06.02"]
[EventType "team"]
[EventRounds "9"]
[EventCountry "BUL"]

1. g3 g6 2. Bg2 Bg7 3. c4 c5 4. Nc3 Nc6 5. a3 Nf6 6. Rb1 O-O 7. b4 d6 8. d3 a6
9. e3 Bg4 10. f3 Be6 11. e4 Nd7 12. Nge2 f5 13. Nd5 fxe4 14. dxe4 cxb4 15. Nef4
Bf7 16. axb4 b5 17. cxb5 axb5 18. Bh3 Kh8 19. Bb2 Nde5 20. O-O Ra2 21. Rf2 Qa8
22. Kg2 Qa7 23. Be6 Nc4 24. Bxg7+ Kxg7 25. Rxa2 Qxa2+ 26. Kh3 g5 27. Bxf7 gxf4
28. Nc3 Qf2 29. Bh5 Nd4 30. Nxb5 Nxb5 31. Qd5 Ne3 32. Qg5+ Kh8 33. Qxe7 Qg2+
34. Kh4 Qxh2+ 35. Kg5 Qxg3+ 36. Kh6 1-0

[Event "Albena BUL, Team Ch 2011 GrB Men"]
[Site "Albena BUL"]
[Date "2011.06.05"]
[Round "6.2"]
[White "Stanoev, Atanas"]
[Black "Sedoev, Nikolay"]
[Result "1-0"]
[WhiteElo "2226"]
[BlackElo "1954"]
[PlyCount "69"]
[EventDate "2011.06.02"]
[EventType "team"]
[EventRounds "9"]
[EventCountry "BUL"]

1. d4 c6 2. c4 Nf6 3. Nc3 d6 4. g3 Nbd7 5. Nf3 e5 6. dxe5 dxe5 7. Qc2 Qc7 8.
Bg2 Be7 9. O-O O-O 10. h3 Re8 11. a3 a5 12. Rb1 g6 13. e4 Nc5 14. Be3 Ne6 15.
Na4 Nd7 16. c5 Qb8 17. Rfd1 Bd8 18. Rd2 Bc7 19. Rbd1 Ndf8 20. Nb6 Bxb6 21. cxb6
a4 22. Qc3 f6 23. Bf1 c5 24. Bxc5 Nxc5 25. Qxc5 Be6 26. Bb5 Qc8 27. Qd6 Bb3 28.
Bxe8 Bxd1 29. Rxd1 Qxe8 30. Qxf6 Qf7 31. Qxf7+ Kxf7 32. Nxe5+ Ke6 33. f4 Ra6
34. Nc4 Nd7 35. g4 1-0

[Event "Albena BUL, Team Ch 2011 GrB Men"]
[Site "Albena BUL"]
[Date "2011.06.05"]
[Round "6.3"]
[White "Vasilev, Vasil Aleksandrov"]
[Black "Nenkov, Ljudmil"]
[Result "0-1"]
[WhiteElo "2337"]
[BlackElo "2294"]
[PlyCount "84"]
[EventDate "2011.06.02"]
[EventType "team"]
[EventRounds "9"]
[EventCountry "BUL"]

1. Nf3 d5 2. d4 e6 3. e3 Nf6 4. Bd3 c5 5. b3 Nc6 6. Bb2 Be7 7. Nbd2 O-O 8. a3
b6 9. O-O Bb7 10. Qe2 a5 11. c3 Qc7 12. e4 dxe4 13. Nxe4 cxd4 14. cxd4 Rfd8 15.
Rac1 Qf4 16. Ng3 Nd5 17. Rfd1 Rac8 18. Rc2 Qb8 19. Qe1 Rc7 20. h4 Rcc8 21. h5
Bd6 22. Qe4 g6 23. hxg6 hxg6 24. Qh4 Be7 25. Qh2 Kg7 26. Qh3 Bf6 27. Qg4 Rh8
28. Ne4 Rh5 29. Bc4 Nce7 30. Ng3 Rh7 31. Ng5 Bxg5 32. Qxg5 Rch8 33. Bd3 Nf5 34.
Bxf5 exf5 35. Nxf5+ Kf8 36. Ng3 Ba6 37. Rc4 Nf4 38. f3 Rh2 39. Qe5 Rxg2+ 40.
Kf1 Bxc4+ 41. bxc4 Qxe5 42. dxe5 Rxg3 0-1

[Event "Albena BUL, Team Ch 2011 GrB Men"]
[Site "Albena BUL"]
[Date "2011.06.05"]
[Round "6.3"]
[White "Nikolov, Jordan"]
[Black "Ivelinov, Hristo"]
[Result "0-1"]
[WhiteElo "2094"]
[BlackElo "2236"]
[PlyCount "68"]
[EventDate "2011.06.02"]
[EventType "team"]
[EventRounds "9"]
[EventCountry "BUL"]

1. e4 d6 2. d4 Nf6 3. Nc3 e5 4. Nf3 Nbd7 5. Bc4 Be7 6. O-O O-O 7. Re1 c6 8. a4
h6 9. h3 Qc7 10. Bf1 Re8 11. g3 b6 12. Bg2 a6 13. Nh4 Bf8 14. Nf5 Kh7 15. Be3
g6 16. Nh4 Bb7 17. Qd2 b5 18. a5 b4 19. Nd1 exd4 20. Bxd4 c5 21. Bxf6 Nxf6 22.
Qf4 Bg7 23. Bf3 g5 24. Qf5+ Kg8 25. e5 gxh4 26. exf6 Rxe1+ 27. Kg2 Bh8 28. Ne3
Rxa1 29. Nd5 Bxd5 30. Bxd5 Bxf6 31. Qxf6 Re8 32. Qg6+ Kf8 33. Qxh6+ Ke7 34.
Bxf7 Qc6+ 0-1

[Event "Albena BUL, Team Ch 2011 GrB Men"]
[Site "Albena BUL"]
[Date "2011.06.05"]
[Round "6.3"]
[White "Glavchev, Stanislav"]
[Black "Danov, Lyubomir"]
[Result "1-0"]
[WhiteElo "2131"]
[BlackElo "2029"]
[PlyCount "99"]
[EventDate "2011.06.02"]
[EventType "team"]
[EventRounds "9"]
[EventCountry "BUL"]

1. e4 c6 2. Nc3 d5 3. Nf3 Bg4 4. h3 Bxf3 5. Qxf3 e6 6. g3 Nd7 7. Bg2 Ne5 8. Qd1
d4 9. Nb1 d3 10. O-O dxc2 11. Qxc2 Qd3 12. Qc3 Qxc3 13. dxc3 O-O-O 14. Nd2 Bc5
15. Nb3 Bb6 16. a4 a6 17. Kh2 h5 18. f4 Ng4+ 19. Kh1 h4 20. Bf3 Nf2+ 21. Kg2
hxg3 22. Kxg3 Nd3 23. e5 Ne7 24. Be4 Nf5+ 25. Bxf5 exf5 26. a5 Ba7 27. Ra4 Rh5
28. Nd4 Rdh8 29. h4 Rxh4 30. Nxf5 Rh3+ 31. Kg4 Nf2+ 32. Rxf2 Bxf2 33. Nd6+ Kc7
34. Rb4 Rg3+ 35. Kf5 b5 36. axb6+ Bxb6 37. Nxf7 Rf8 38. e6 Re8 39. Re4 Rd3 40.
Kg6 Rg3+ 41. Ng5 Kd6 42. f5 Kd5 43. Re1 Bd8 44. Rf1 Ke5 45. Re1+ Kd5 46. Kf7
Re7+ 47. Kg8 Rd3 48. Nf7 Ra7 49. Nxd8 Rh3 50. e7 1-0

[Event "Albena BUL, Team Ch 2011 GrB Men"]
[Site "Albena BUL"]
[Date "2011.06.05"]
[Round "6.3"]
[White "Asparuhov, Parvan"]
[Black "Rusev, Jeliazko"]
[Result "1-0"]
[WhiteElo "2077"]
[BlackElo "2273"]
[PlyCount "75"]
[EventDate "2011.06.02"]
[EventType "team"]
[EventRounds "9"]
[EventCountry "BUL"]

1. e4 e5 2. Nf3 Nc6 3. Bc4 Nf6 4. d3 Be7 5. c3 O-O 6. O-O d6 7. h3 Be6 8. Bb5
Nd7 9. d4 exd4 10. cxd4 d5 11. Nh2 Nf6 12. e5 Ne4 13. Nc3 f6 14. Nf3 a6 15. Bd3
f5 16. Ne2 g5 17. Nh2 f4 18. f3 Ng3 19. Nxg3 fxg3 20. Ng4 Nxd4 21. Bxh7+ Kxh7
22. Qxd4 b6 23. Qd1 Bc5+ 24. Kh1 Kg6 25. Bd2 a5 26. Qe2 d4 27. Qe4+ Rf5 28. Qd3
Qd5 29. Rfc1 Kg7 30. Be1 Rh8 31. Nf6 Qxe5 32. Ne4 Rf4 33. Bxg3 Bxh3 34. gxh3
Rxh3+ 35. Kg2 g4 36. Rf1 Bd6 37. fxg4 Rxg3+ 38. Nxg3 1-0

[Event "Albena BUL, Team Ch 2011 GrB Men"]
[Site "Albena BUL"]
[Date "2011.06.05"]
[Round "6.3"]
[White "Shivacheva, Donika"]
[Black "Danov, Radi"]
[Result "1/2-1/2"]
[WhiteElo "1681"]
[BlackElo "1812"]
[PlyCount "61"]
[EventDate "2011.06.02"]
[EventType "team"]
[EventRounds "9"]
[EventCountry "BUL"]

1. e4 c5 2. Nc3 Nc6 3. g3 g6 4. Bg2 Bg7 5. f4 e6 6. Nf3 Nge7 7. d3 O-O 8. O-O
Nd4 9. Be3 Nec6 10. Qd2 d6 11. Ne1 Rb8 12. Nd1 Nb5 13. c3 Nc7 14. d4 cxd4 15.
cxd4 d5 16. e5 b6 17. Rc1 Na5 18. b3 Ba6 19. Nd3 Rc8 20. Nc3 Qd7 21. Rc2 Nb5
22. Rfc1 Nxc3 23. Rxc3 Rxc3 24. Rxc3 Rc8 25. Nb4 Bb7 26. Rxc8+ Qxc8 27. Qc2 Nc6
28. Nxc6 Bxc6 29. Bf1 Qd7 30. Bd2 Bf8 31. Bc1 1/2-1/2

[Event "Albena BUL, Team Ch 2011 GrB Men"]
[Site "Albena BUL"]
[Date "2011.06.05"]
[Round "6.3"]
[White "Kolev, Evgeni"]
[Black "Hristov, Atanas"]
[Result "1-0"]
[WhiteElo "1905"]
[BlackElo "2231"]
[PlyCount "67"]
[EventDate "2011.06.02"]
[EventType "team"]
[EventRounds "9"]
[EventCountry "BUL"]

1. c4 e6 2. d4 d5 3. Nc3 Nf6 4. Nf3 c6 5. e3 Bd6 6. Be2 O-O 7. O-O Nbd7 8. Nd2
e5 9. c5 Bc7 10. f4 exd4 11. exd4 Re8 12. Nf3 Ne4 13. Bd3 b6 14. cxb6 Bxb6 15.
Na4 c5 16. Nxb6 Qxb6 17. Qa4 Ndf6 18. Qb5 c4 19. Qxb6 axb6 20. Bc2 b5 21. Re1
Bf5 22. Ne5 Nd6 23. Bd1 b4 24. Bd2 b3 25. a3 Nb5 26. g4 Bc2 27. Bxc2 bxc2 28.
Rac1 Nxd4 29. Bc3 Nb5 30. g5 Nxc3 31. gxf6 gxf6 32. bxc3 fxe5 33. fxe5 Rxa3 34.
Rxc2 1-0

[Event "Albena BUL, Team Ch 2011 GrB Men"]
[Site "Albena BUL"]
[Date "2011.06.05"]
[Round "6.4"]
[White "Galunov, Todor"]
[Black "Trickov, Vasil"]
[Result "1-0"]
[WhiteElo "2330"]
[BlackElo "2328"]
[PlyCount "55"]
[EventDate "2011.06.02"]
[EventType "team"]
[EventRounds "9"]
[EventCountry "BUL"]

1. Nf3 c5 2. g3 d5 3. Bg2 Nc6 4. d4 Nf6 5. O-O e6 6. c4 dxc4 7. Ne5 Nxe5 8.
dxe5 Qxd1 9. Rxd1 Nd7 10. f4 Rb8 11. a4 Be7 12. Na3 c3 13. bxc3 f6 14. Nb5 a6
15. Na7 Nb6 16. Rb1 Nxa4 17. Bc6+ Kf7 18. Bxa4 b5 19. Nxc8 Rhxc8 20. Bc2 c4 21.
Ra1 fxe5 22. fxe5 Rb6 23. Rd7 Ke8 24. Ra7 b4 25. Ba4+ Kf8 26. Be3 Rb5 27. Bxb5
axb5 28. Ra8 1-0

[Event "Albena BUL, Team Ch 2011 GrB Men"]
[Site "Albena BUL"]
[Date "2011.06.05"]
[Round "6.4"]
[White "Todorov, Momchil"]
[Black "Dimitrov, Atanas"]
[Result "1/2-1/2"]
[WhiteElo "2212"]
[BlackElo "2352"]
[PlyCount "188"]
[EventDate "2011.06.02"]
[EventType "team"]
[EventRounds "9"]
[EventCountry "BUL"]

1. e4 e5 2. Nf3 Nc6 3. Bb5 a6 4. Ba4 Nf6 5. O-O Be7 6. Re1 b5 7. Bb3 d6 8. c3
O-O 9. h3 Na5 10. Bc2 c5 11. d4 Nd7 12. Nbd2 exd4 13. cxd4 Nc6 14. d5 Nce5 15.
Nxe5 Nxe5 16. f4 Ng6 17. Nf3 Bh4 18. Nxh4 Qxh4 19. f5 Ne5 20. Rf1 Bd7 21. Bf4
Rfe8 22. Bxe5 Rxe5 23. Qf3 f6 24. Kh2 Qh6 25. Rf2 Rf8 26. Raf1 b4 27. g4 g5 28.
fxg6 hxg6 29. Qg3 Kg7 30. Kg2 g5 31. a3 bxa3 32. Qxa3 Bb5 33. Bd3 Qg6 34. Rf5
Rxf5 35. Rxf5 Bxd3 36. Qxd3 Qe8 37. Kg3 Qa4 38. Qc3 Kg6 39. e5 dxe5 40. Qxc5
Rf7 41. Qc8 Kg7 42. d6 Qb5 43. Qc3 Rd7 44. Rf3 Rxd6 45. h4 gxh4+ 46. Kxh4 Qd7
47. Rf5 Rd4 48. Qf3 Qe6 49. Kh3 e4 50. Qf4 Rd3+ 51. Kh4 Qd6 52. Qxd6 Rxd6 53.
Kg3 Re6 54. Kf2 Rb6 55. Ke3 Rxb2 56. Kxe4 Rb4+ 57. Kf3 Rb5 58. Rf4 Rb3+ 59. Kg2
Ra3 60. Rf5 Kg6 61. Kf2 a5 62. Kg2 Ra2+ 63. Kg3 a4 64. Ra5 a3 65. Ra6 Ra1 66.
Ra5 Kf7 67. Kg2 Ke6 68. Kh2 Kd6 69. Kg2 a2 70. Ra8 Ke5 71. Ra7 Kf4 72. Ra4+ Kg5
73. Kh2 Rf1 74. Rxa2 Kxg4 75. Kg2 Rf4 76. Rb2 f5 77. Ra2 Rb4 78. Rc2 Rb3 79.
Rc4+ f4 80. Rc8 Rb2+ 81. Kf1 Kg3 82. Rg8+ Kf3 83. Ke1 Rb1+ 84. Kd2 Rf1 85. Rf8
Kg2 86. Rg8+ Kf2 87. Rf8 f3 88. Rf7 Ra1 89. Rf8 Kg2 90. Rg8+ Kf1 91. Rf8 f2 92.
Rf7 Kg2 93. Rg7+ Kh3 94. Rh7+ Kg4 1/2-1/2

[Event "Albena BUL, Team Ch 2011 GrB Men"]
[Site "Albena BUL"]
[Date "2011.06.05"]
[Round "6.4"]
[White "Dobrev, Nayden"]
[Black "Stoynov, Ivan"]
[Result "0-1"]
[WhiteElo "2235"]
[BlackElo "2304"]
[PlyCount "116"]
[EventDate "2011.06.02"]
[EventType "team"]
[EventRounds "9"]
[EventCountry "BUL"]

1. d4 c5 2. d5 e5 3. Nc3 d6 4. f4 exf4 5. Bxf4 Nf6 6. e4 Be7 7. e5 dxe5 8. Bxe5
O-O 9. Qd2 Bd6 10. Bxd6 Qxd6 11. O-O-O a6 12. Nge2 Bg4 13. h3 Bxe2 14. Bxe2 b5
15. Bf3 Nbd7 16. Kb1 Rfe8 17. Rhe1 Nb6 18. Qd3 Rad8 19. Ne4 Nxe4 20. Rxe4 Nc4
21. c3 g6 22. g4 Rxe4 23. Qxe4 Qh2 24. Bg2 Nd6 25. Qf3 Re8 26. Rf1 Qe5 27. a3
a5 28. Qf2 Qe2 29. Qxe2 Rxe2 30. Bf3 Rh2 31. Rh1 Rf2 32. Bd1 Rd2 33. Bf3 a4 34.
Kc1 Rf2 35. Bd1 Kf8 36. h4 h6 37. Re1 g5 38. hxg5 hxg5 39. Re5 Nc4 40. Rxg5 Ke7
41. b3 axb3 42. Bxb3 Nb6 43. Rh5 c4 44. Bc2 Kd6 45. Be4 Rf4 46. Bh1 Rxg4 47.
Kd2 Nd7 48. Bf3 Rg3 49. Be4 Nc5 50. Rh6+ Ke5 51. Bh1 f6 52. Kc2 Rd3 53. Rh8 f5
54. Re8+ Kf4 55. Rh8 Na4 56. Rd8 Rxc3+ 57. Kb1 Rh3 58. Bg2 Rg3 0-1

[Event "Albena BUL, Team Ch 2011 GrB Men"]
[Site "Albena BUL"]
[Date "2011.06.05"]
[Round "6.4"]
[White "Stoynov, Yordan"]
[Black "Janachkov, Angel"]
[Result "1-0"]
[WhiteElo "2240"]
[BlackElo "2223"]
[PlyCount "54"]
[EventDate "2011.06.02"]
[EventType "team"]
[EventRounds "9"]
[EventCountry "BUL"]

1. e4 e5 2. Nf3 Nc6 3. Nc3 Nf6 4. d4 Bb4 5. Nxe5 O-O 6. Nxc6 dxc6 7. e5 Ne4 8.
Qd3 Bf5 9. a3 Nxc3 10. Qxf5 Qxd4 11. Be3 Nd5+ 12. axb4 Qxb2 13. Rd1 Rfe8 14.
Rxd5 cxd5 15. f4 Qxb4+ 16. Bd2 Qb1+ 17. Kf2 g6 18. Qd3 b6 19. c4 Qxd3 20. Bxd3
dxc4 21. Bxc4 a6 22. Bd5 b5 23. Rd1 Rac8 24. Be3 c5 25. Bb7 c4 26. Bxc8 Rxc8
27. Rc1 c3 1-0

[Event "Albena BUL, Team Ch 2011 GrB Men"]
[Site "Albena BUL"]
[Date "2011.06.05"]
[Round "6.4"]
[White "Tonchev, Miroslav"]
[Black "Kamenov, Gerasim"]
[Result "1-0"]
[WhiteElo "2274"]
[BlackElo "2124"]
[PlyCount "51"]
[EventDate "2011.06.02"]
[EventType "team"]
[EventRounds "9"]
[EventCountry "BUL"]

1. e4 d5 2. Nc3 dxe4 3. Nxe4 Nf6 4. Nxf6+ exf6 5. d4 Bd6 6. Qe2+ Qe7 7. Qxe7+
Bxe7 8. Bf4 c6 9. O-O-O Nd7 10. c4 Nb6 11. b3 Ba3+ 12. Kc2 Bf5+ 13. Bd3 Bxd3+
14. Rxd3 O-O-O 15. Nf3 Rhe8 16. Re1 Rxe1 17. Nxe1 Re8 18. Re3 Rxe3 19. fxe3 h6
20. h3 g6 21. Nd3 Be7 22. a4 Kd7 23. Kc3 Nc8 24. b4 Bd6 25. d5 cxd5 26. c5 1-0

[Event "Albena BUL, Team Ch 2011 GrB Men"]
[Site "Albena BUL"]
[Date "2011.06.05"]
[Round "6.5"]
[White "Tashkov, Rumen"]
[Black "Bozov, Ahmet"]
[Result "1-0"]
[WhiteElo "2248"]
[BlackElo "2101"]
[PlyCount "70"]
[EventDate "2011.06.02"]
[EventType "team"]
[EventRounds "9"]
[EventCountry "BUL"]

1. d4 d5 2. Nf3 c6 3. Bf4 Bf5 4. e3 Nd7 5. c4 Ngf6 6. Nc3 e6 7. Qb3 Qb6 8. h3
h6 9. c5 Qxb3 10. axb3 a6 11. b4 Rc8 12. Nd2 Be7 13. Nb3 Bd8 14. Na5 Bxa5 15.
bxa5 O-O 16. Ra4 Ra8 17. f3 Rfe8 18. Kd2 e5 19. Bh2 exd4 20. exd4 Nf8 21. g4
Bh7 22. Rb4 Ne6 23. Bd3 Bxd3 24. Kxd3 Nd8 25. Bc7 Re7 26. Bd6 Re6 27. Na4 Ne8
28. Bg3 Rf6 29. f4 g6 30. Nb6 Ra7 31. f5 Ne6 32. Be5 gxf5 33. Nd7 Kg7 34. gxf5
Nf4+ 35. Kc2 Nh5 1-0

[Event "Albena BUL, Team Ch 2011 GrB Men"]
[Site "Albena BUL"]
[Date "2011.06.05"]
[Round "6.5"]
[White "Yotov, Yoto"]
[Black "Genov, Petko"]
[Result "0-1"]
[WhiteElo "2026"]
[BlackElo "2321"]
[PlyCount "78"]
[EventDate "2011.06.02"]
[EventType "team"]
[EventRounds "9"]
[EventCountry "BUL"]

1. d4 Nf6 2. Nf3 g6 3. g3 Bg7 4. Bg2 O-O 5. O-O d6 6. b3 c5 7. c4 Nc6 8. Bb2
cxd4 9. Nxd4 Bd7 10. Nxc6 Bxc6 11. Bxc6 bxc6 12. Qc2 Qa5 13. Nd2 Qh5 14. Kg2 e5
15. Ne4 Nxe4 16. Qxe4 d5 17. cxd5 cxd5 18. Qf3 Qxf3+ 19. exf3 d4 20. Rac1 Rac8
21. Rxc8 Rxc8 22. Rc1 Rxc1 23. Bxc1 f5 24. Kf1 Kf7 25. Ke2 Ke6 26. Bd2 Kd5 27.
Kd3 Bf6 28. Ke2 h5 29. f4 e4 30. h4 Be7 31. a4 Ba3 32. Kd1 Kc5 33. Ke2 Bb2 34.
b4+ Kc4 35. b5 Bc3 36. Bxc3 Kxc3 37. a5 Kc2 38. b6 d3+ 39. Kf1 axb6 0-1